Quizzes
Events
Quiz Creation
Community
Videos
Private Events
Remove Ads
Sign In
Join for FREE
Feedback
Dark Mode
Quiz Categories
Sports
Geography
Music
Movies
Television
Just For Fun
Miscellaneous
History
Literature
Language
Science
Gaming
Entertainment
Religion
Holiday
For Kids
Quiz Lab
Recent
Popular Today
Quiz Kudos Today
Editor Picks
Curator Picks
Quizzes by...
Day
Popularity
Type
Ratings
Length
Year
Community
Subscriptions
Recent Discussions
Orange Saloon
Badges
Playlists
Quests
Create
Leaderboards
Showdown
Live 5
Trivia Bingo
Activity
Puzzle Library
Sporcle Events
Private Events
Virtual Trivia
Globe League
Become a Host
Pub Owners
SporcleCon
Opinionation
Our Games
Videos
Blog
Mobile Apps
Partnerships
Remove Ads and Go Orange
Feedback
Movies
Disney
Marvel Cinematic Universe
Movie Resume
Movie Titles
Oscar
Actor
Actress
Director
Pixar
Role
Movie Quotes
Movie Characters
Box Office
Nominee
Best Picture
Star Wars
James Bond
Horror Movies
Movies
Disney
Marvel Cinematic Universe
Movie Resume
Movie Titles
Oscar
Actor
Actress
Director
Pixar
Role
Movie Quotes
Movie Characters
Box Office
Nominee
Best Picture
Star Wars
James Bond
Horror Movies
Random Quiz
Search Sporcle
×
Quiz Lab
Quiz Lab
Movies
1984
Type in answers that appear in a list
Type in answers that appear in a list
Classic
Best Score? Go Orange.
Movies from 1984 Stats
Can you name the movies from 1984
By
awesomequizmaker
2m
13 Questions
51 Plays
51 Plays
51 Plays
Comments
Comments
Give Quiz Kudos
Give Quiz Kudos
-
- Ratings
hide this ad
More Info
Forced Order
Answers have to be entered in order
Answers have to be entered in order
Replay
Link that replays current quiz
Next Quiz
Link to next quiz in quiz playlist
You Got
0%
They Got
Avg Score
71%
Avg Friend Score
Upgrade to see
Score Distribution
Jump to the score distribution portion of the page
Score
0/13
Timer
02:00
0
Plays Today
can you name the movies of 1984
1984
% Correct
martial arts
karate kid
90.2%
his movie is about a boy who gets a creature for christmas but he abuses the rules that comes with the creature
gremlins
86.3%
mermaid
splash
86.3%
small business removes ghosts
ghostbusters
84.3%
kid moves to town where dancing and rock music are banned
footloose
82.4%
parents forget about girls 16th birthday
sixteen candles
78.4%
people have bad dream about guy with scars on his face
nightmare on elm street
78.4%
a movie based on a book by george orwell
1984
78.4%
this movie is about the nerds against the jocks
revenge of the nerds
76.5%
a boy goes into a fantasy land via a fantasy book
never ending story
66.7%
kids kill all the adults in town
children of the corn
56.9%
guy likes girl but has to go to oxford to get her
oxford blues
39.2%
this movie is about a psychology teacher and he works at a school where they are being sued for letting an illiterate boy graduate
teachers
25.5%
Quiz Playlist
Details
Report
Send in Message
Add To Playlist
More Info:
this is a picture quiz of movies from 1984
Classic:
Type in answers that appear in a list
Forced Order:
Answers have to be entered in order
Last Updated: Feb 16, 2017
Quiz Scoreboard
CHALLENGE
Sign Up to Join the Scoreboard
Show All
Scores
Hide
Comments
May contain spoilers
Recently Published
Movies - When Are They Set?
by FPL_Elf
Movies
5m
Popular People in 1961
by mucciniale
History
6m
1-10 Letter E Words III
by El_Dandy
Language
2m
More to Explore
Quiz From the Vault
Featured Blog Post
Where Did the Easter Bunny Come From?
hide this ad
You Might Also Like...
Tags
1984
Today's Top Quizzes in Movies
Browse Movies
hide this ad
Today's Top Quizzes in 1984
Browse 1984
Top Contributed Quizzes in Movies
1
Pick 5 Posters: Directed by Spielberg
2
Multi-Oscar Nominations, One Movie, One Winner
3
One Thing in Common: Movies
4
12 Movies about Fictional 1960s Events
5
One Thing in Common: Movies II
6
Sunday Crossword: Film Score Composers
7
Three Word 'H' Movies Match Up
8
Three Word 'T' Movies Match Up
9
One Thing in Common: Oscars
10
Three Word 'M' Movies Match Up
Explore More
Trending Topics
Marvel
Disney
NBA
Harry Potter
Anime
Crossword
Kpop
The Office
Pokémon
Song
NFL
Soccer
Puzzle
WWE
Country
hide this ad
More By:
awesomequizmaker
Quiz
Plays
Rating
Category
Featured
Created
young adult books
95
1.00
Literature
Sep 5, 2014
Young adult books by words
73
1.00
Literature
Dec 19, 2014
can you guess the movies?
61
1.00
Movies
Sep 2, 2014
The states by 3 clues
61
2.00
Geography
Jan 7, 2017
songs from the 80s
59
1.25
Entertainment
Sep 1, 2014
Go to Creator's Profile
Score Distribution
Quiz Creator Spotlight
awesomequizmaker
Follow
Send a Message
Quizzes Created
-
Created Quiz Play Count
-
More By This Creator
Popular Quizzes Today
1
Find the Countries of Europe - No Outlines Minefield
2
Find the US States - No Outlines Minefield
3
The Countries of the World
4
Popular People in 1961
5
1-10 Letter E Words III
6
US States
7
Find the US States
8
One Thing in Common: World Cities II
More Movies Quizzes
Every 'I' Name Missing in Movie Titles
Quiz Lab
Trending Quizzes
Risky Map Clicking: Least Populous States A-Z
Humor Books: The Subtitles
1-10 Letter F Words
1-10 Letter G Words
One Thing in Common: United Kingdom
Recently Updated
Leaping Animals
pecheneg
Reality TV Shows (A-Z)
bhenderson79
Rickey Henderson's Hall of Fame Teammates
pecheneg
Champions League XIs: Arsenal
pecheneg
Quick Pick: Celebrities in WWE's Hall of Fame
aduchscher
A-Z Keypad Blitz II
pecheneg
Multiple Oscar Actors
pecheneg
Mystery Phrase Blitz: Oscar 'Best Actors'
pecheneg
F. Scott Fitzgerald Novels
LTH
Pick 3 Villains
ddd62291
Trending Topics
Kpop
Marvel
Disney
Crossword
Anime
NBA
Harry Potter
The Office
NFL
Pokémon
Puzzle
Soccer
Country
Song
WWE
Your Account Isn't Verified!
In order to create a playlist on Sporcle, you need to verify the email address you used during registration. Go to your
Sporcle Settings
to finish the process.
Report this User
Report this user for behavior that violates our
Community Guidelines
.
Details:
Send Report
Go to the Sporcle.com Mobile Site →
Comments